[Event "11th European Senior Chess Rapid Championship"]
[Site "Courmayeur, Aosta Valley - Italy"]
[Date "2011.04.04"]
[Round "1"]
[Board "1"]
[White "Timoscenko, Gennadij"]
[Black "Barlocco, Carlo"]
[Result "0-1"]
[WhiteElo "2502"]
[BlackElo "2162"]
[PlyCount "74"]
[EventDate "2011.04.04"]
[EventRounds "9"]
[EventCountry "ITA"]

1.d4 d5 2.c4 c6 3.Nf3 Nf6 4.Nc3 dxc4 5.a4 Na6 6.e4 Bg4 7.Bxc4 e6 8.Be3 Bb4 9.Qd3
O-O 10.Ne5 c5 11.f3 Bh5 12.g4 Bg6 13.h4 h6 14.Nxg6 fxg6 15.Bxe6+ Kh8 16.d5 Nc7
17.Qc4 Nfe8 18.O-O-O Rxf3 19.Bxc5 Bxc3 20.bxc3 Nxe6 21.dxe6 Qf6 22.Rhf1 Rxc3+
23.Kb2 Rxc4+ 24.Rxf6 Nxf6 25.e7 Rg8 26.Ba3 Rxe4 27.g5 Ne8 28.Kb3 Rxh4 29.Rd7 a5
30.Rxb7 Rh3+ 31.Ka2 Rg3 32.Bc1 Rc3 33.Bb2 Rc7 34.Rb5 Rxe7 35.Rxa5 hxg5 36.Rxg5
Kh7 37.a5 Nf6

[Event "11th European Senior Chess Rapid Championship"]
[Site "Courmayeur, Aosta Valley - Italy"]
[Date "2011.04.04"]
[Round "1"]
[Board "1"]
[White "Bondick, Karl-Heinz"]
[Black "Cebalo, Miso"]
[Result "0-1"]
[WhiteElo "2155"]
[BlackElo "2486"]
[PlyCount "52"]
[EventDate "2011.04.04"]
[EventRounds "9"]
[EventCountry "ITA"]

1.d4 Nf6 2.f3 d5 3.e4 dxe4 4.Nc3 exf3 5.Nxf3 Bg4 6.h3 Bxf3 7.Qxf3 c6 8.Be3 e6
9.Bd3 Nbd7 10.O-O Be7 11.g4 O-O 12.Rf2 Nd5 13.Bd2 Bg5 14.Bxg5 Qxg5 15.Ne4 Qe3
16.Raf1 Qxf3 17.Rxf3 Rad8 18.c4 N5f6 19.Nd6 Nb6 20.c5 Nc8 21.g5 Nxd6 22.gxf6 Ne8
23.fxg7 Nxg7 24.Rf4 e5 25.Rxf7 Rxf7 26.Bc4 Rd5

[Event "11th European Senior Chess Rapid Championship"]
[Site "Courmayeur, Aosta Valley - Italy"]
[Date "2011.04.04"]
[Round "1"]
[Board "1"]
[White "Okhotnik, Vladimir"]
[Black "Bayer, Wolfgang Dr"]
[Result "0-1"]
[WhiteElo "2458"]
[BlackElo "2073"]
[PlyCount "100"]
[EventDate "2011.04.04"]
[EventRounds "9"]
[EventCountry "ITA"]

1.e4 c5 2.Nf3 Nc6 3.Bb5 Nd4 4.a4 g6 5.c3 Nxf3+ 6.Qxf3 Bg7 7.O-O e6 8.d4 cxd4
9.cxd4 Bxd4 10.Nc3 a6 11.Bc4 Qf6 12.Qg3 Ne7 13.Bg5 Qe5 14.Qh4 f6 15.Bf4 Qc5
16.Ba2 g5 17.Qh5+ Ng6 18.Bg3 O-O 19.Rac1 Qb6 20.Rfd1 Qxb2 21.Ne2 Bxf2+ 22.Bxf2
Qxa2 23.Bc5 Rf7 24.Nd4 Qxa4 25.Nxe6 dxe6 26.Rd8+ Kg7 27.h4 Qxe4 28.hxg5 fxg5
29.Qxg5 Rf5 30.Qg3 b6 31.Qc7+ Rf7 32.Qxb6 Bb7 33.Qb2+ e5 34.Rd2 Nf4 35.Bd6 Re8
36.Qb3 Re6 37.Qc3 Rxd6 38.Rf2 Rg6 39.Rcc2 Bd5 40.Kh2 Rh6+ 41.Kg1 Nh3+ 42.Kf1
Nxf2 43.Qg3+ Ng4+ 44.Kg1 Qe3+ 45.Qxe3 Nxe3 46.Rc1 Rg6 47.g3 Rxg3+ 48.Kh2 Rg2+
49.Kh3 Rf3+ 50.Kh4 Nf5+

[Event "11th European Senior Chess Rapid Championship"]
[Site "Courmayeur, Aosta Valley - Italy"]
[Date "2011.04.04"]
[Round "1"]
[Board "1"]
[White "Belokopyt, Boris"]
[Black "Chernikov, Oleg L"]
[Result "0-1"]
[WhiteElo "2066"]
[BlackElo "2438"]
[PlyCount "41"]
[EventDate "2011.04.04"]
[EventRounds "9"]
[EventCountry "ITA"]

1.e4 c5 2.Nf3 g6 3.c3 Bg7 4.d4 cxd4 5.cxd4 d5 6.e5 Bg4 7.Be2 Nc6 8.h3 Bxf3
9.Bxf3 e6 10.Nc3 Nge7 11.O-O O-O 12.Nb5 Qb6 13.Qb3 a6 14.Nd6 Nxd4 15.Bd1 Bxe5
16.Nxb7 Rfb8 17.Nc5 Bd6 18.Nd7 Rb7 19.Nf6+ Kg7 20.Be3 Nxb3 21.Bxb3

[Event "11th European Senior Chess Rapid Championship"]
[Site "Courmayeur, Aosta Valley - Italy"]
[Date "2011.04.04"]
[Round "1"]
[Board "1"]
[White "Kupreichik, Viktor D"]
[Black "Vrhovnik, Damir"]
[Result "1-0"]
[WhiteElo "2431"]
[BlackElo "2063"]
[PlyCount "63"]
[EventDate "2011.04.04"]
[EventRounds "9"]
[EventCountry "ITA"]

1.e4 c5 2.Nf3 d6 3.Nc3 Nf6 4.d4 cxd4 5.Nxd4 g6 6.Be3 a6 7.f3 Nbd7 8.Qd2 h5 9.Bc4
b5 10.Bb3 Bb7 11.a4 b4 12.Nd5 Bxd5 13.exd5 a5 14.O-O Bg7 15.Rfe1 Qc7 16.Nb5 Qb7
17.Bd4 Kf8 18.c3 bxc3 19.Qxc3 Rc8 20.Qxa5 Nc5 21.Bxc5 Rxc5 22.Qd8+ Ne8 23.Nxd6
Bd4+ 24.Kh1 exd6 25.Rxe8+ Kg7 26.Rxh8 Qxb3 27.Qf8+ Kf6 28.Qxd6+ Kg5 29.Qe7+ f6
30.h4+ Kxh4 31.Qe4+ Kg3 32.Qxd4

[Event "11th European Senior Chess Rapid Championship"]
[Site "Courmayeur, Aosta Valley - Italy"]
[Date "2011.04.04"]
[Round "1"]
[Board "1"]
[White "Mishuchkov, Nikolai M"]
[Black "Baum, Kurt Dr"]
[Result "1-0"]
[WhiteElo "2408"]
[BlackElo "2056"]
[PlyCount "53"]
[EventDate "2011.04.04"]
[EventRounds "9"]
[EventCountry "ITA"]

1.Nf3 c6 2.g3 d5 3.Bg2 Nf6 4.O-O g6 5.d4 Bg7 6.Bf4 O-O 7.Qc1 Nbd7 8.c4 e6 9.Bh6
Ne4 10.Bxg7 Kxg7 11.Nc3 f5 12.e3 h6 13.b4 Qf6 14.b5 Nxc3 15.Qxc3 c5 16.cxd5 exd5
17.Ne5 cxd4 18.exd4 Nxe5 19.dxe5 Qd8 20.Rfd1 Be6 21.Qb3 Qb6 22.Bxd5 Rae8 23.Bxe6
Rxe6 24.Rd7+ Rf7 25.Rxf7+ Kxf7 26.Rd1 g5 27.Rd6

[Event "11th European Senior Chess Rapid Championship"]
[Site "Courmayeur, Aosta Valley - Italy"]
[Date "2011.04.04"]
[Round "1"]
[Board "1"]
[White "Capece, Adolivio"]
[Black "Butnorius, Algimantas"]
[Result "0-1"]
[WhiteElo "2049"]
[BlackElo "2388"]
[PlyCount "64"]
[EventDate "2011.04.04"]
[EventRounds "9"]
[EventCountry "ITA"]

1.c4 Nf6 2.Nc3 c5 3.g3 e6 4.Bg2 d5 5.b3 d4 6.Ne4 Nc6 7.d3 Be7 8.Bf4 e5 9.Bd2 O-O
10.h4 Bf5 11.Bg5 Nxe4 12.dxe4 Be6 13.f4 Qa5+ 14.Qd2 Qxd2+ 15.Kxd2 f6 16.f5 Bf7
17.Nf3 fxg5 18.hxg5 g6 19.f6 Bd8 20.Rh2 Ba5+ 21.Kc2 d3+ 22.Kb2 dxe2 23.Rah1 h5
24.Bh3 Rad8 25.Rxe2 Rd3 26.Bg2 Be6 27.Nh4 Kf7 28.Nf3 Kg8 29.Nh4 Kf7 30.Nf5 gxf5
31.exf5 Bxf5 32.Bd5+ Kg6

[Event "11th European Senior Chess Rapid Championship"]
[Site "Courmayeur, Aosta Valley - Italy"]
[Date "2011.04.04"]
[Round "2"]
[Board "1"]
[White "Cebalo, Miso"]
[Black "Strutinskaya, Galina N"]
[Result "1/2-1/2"]
[WhiteElo "2486"]
[BlackElo "2269"]
[PlyCount "135"]
[EventDate "2011.04.04"]
[EventRounds "9"]
[EventCountry "ITA"]

1.d4 Nf6 2.c4 e6 3.Nc3 d5 4.Bg5 c6 5.e3 Nbd7 6.cxd5 exd5 7.Nf3 Be7 8.Qc2 Nf8
9.Bd3 Ne6 10.Bh4 g6 11.O-O Ng7 12.Rfe1 O-O 13.Bxf6 Bxf6 14.b4 a6 15.a4 Bf5
16.Rac1 Qd6 17.Bxf5 Nxf5 18.Qb3 Be7 19.Rb1 Kg7 20.Ne2 Qf6 21.b5 axb5 22.axb5 Nd6
23.bxc6 bxc6 24.Qc2 Nc4 25.Rb3 Rfb8 26.Nf4 Bd6 27.Rxb8 Rxb8 28.Nd3 Qf5 29.Qe2
Rb3 30.Rd1 h5 31.h3 Qc8 32.Nd2 Nxd2 33.Qxd2 Qa6 34.Qc2 Qb5 35.h4 Be7 36.g3 Bd6
37.Kg2 Kf6 38.Qe2 Kg7 39.Nf4 Bxf4 40.Qxb5 cxb5 41.gxf4 b4 42.Kf3 Kf6 43.Rc1 Rb2
44.Rc5 Ke6 45.Rc6+ Ke7 46.Rb6 Kd7 47.Rb7+ Ke6 48.Kg3 b3 49.Rb6+ Ke7 50.f5 gxf5
51.f3 Rb1 52.Kf4 b2 53.Kxf5 Rf1 54.Rxb2 Rxf3+ 55.Ke5 Rxe3+ 56.Kxd5 Rh3 57.Re2+
Kd7 58.Re4 Ra3 59.Ke5 Ra6 60.d5 Ra1 61.Rf4 Re1+ 62.Kf6 Kd6 63.Rf5 Re4 64.Rxh5
Rf4+ 65.Kg7 Ke7 66.Rh6 Rg4+ 67.Kh7 Kf8 68.d6

[Event "11th European Senior Chess Rapid Championship"]
[Site "Courmayeur, Aosta Valley - Italy"]
[Date "2011.04.04"]
[Round "2"]
[Board "1"]
[White "Khmiadashvili, Tamar"]
[Black "Kupreichik, Viktor D"]
[Result "0-1"]
[WhiteElo "2194"]
[BlackElo "2431"]
[PlyCount "136"]
[EventDate "2011.04.04"]
[EventRounds "9"]
[EventCountry "ITA"]

1.c4 e5 2.Nc3 Nf6 3.g3 d5 4.cxd5 Nxd5 5.Bg2 Nb6 6.d3 Be7 7.Nf3 Nc6 8.O-O g5 9.a4
g4 10.Ne1 a5 11.Be3 h5 12.Bxb6 cxb6 13.Nd5 Bc5 14.Nc2 h4 15.Ne1 Be7 16.Nc2 Bc5
17.e3 Be6 18.d4 Bxd5 19.dxc5 Bxg2 20.Kxg2 Qxd1 21.Raxd1 bxc5 22.Rd5 b6 23.Rd6
Rc8 24.Rfd1 Rc7 25.Na3 Ke7 26.Nb5 Rcc8 27.Rd7+ Kf6 28.R1d6+ Kg7 29.Rb7 Rhd8
30.gxh4 e4 31.h5 Ne5 32.b3 c4 33.bxc4 Nxc4 34.Rxd8 Rxd8 35.Nd4 Rd5 36.h6+ Kg6
37.Ne2 Rd2 38.Nf4+ Kxh6 39.Kg3 f6 40.Rf7 Kg5 41.Rh7 f5 42.Rc7 Ne5 43.Re7 Ng6
44.Rg7 Rd6 45.Rg8 Kh6 46.Re8 Kg7 47.Nxg6 Kxg6 48.Kf4 Rd2 49.Kg3 Kg5 50.Re6 Rb2
51.Rc6 Rb1 52.Kg2 f4 53.exf4+ Kxf4 54.Rf6+ Ke5 55.Rg6 Kf5 56.Rc6 Rb4 57.Kg3 Rb1
58.Kg2 Rb2 59.Kg3 Rb1 60.Kg2 Ra1 61.Rxb6 Rxa4 62.Rb8 Rb4 63.Rf8+ Ke5 64.Re8+ Kd4
65.Kg3 a4 66.Kxg4 e3 67.Kf3 exf2 68.Kxf2 Kc3

[Event "11th European Senior Chess Rapid Championship"]
[Site "Courmayeur, Aosta Valley - Italy"]
[Date "2011.04.04"]
[Round "2"]
[Board "1"]
[White "Zhelesny, Stanislav"]
[Black "Mishuchkov, Nikolai M"]
[Result "0-1"]
[WhiteElo "2172"]
[BlackElo "2408"]
[PlyCount "36"]
[EventDate "2011.04.04"]
[EventRounds "9"]
[EventCountry "ITA"]

1.Nf3 Nf6 2.g3 d5 3.Bg2 e6 4.O-O Be7 5.c4 O-O 6.b3 b6 7.Bb2 Bb7 8.d3 c5 9.cxd5
Nxd5 10.Nbd2 Nc6 11.Nc4 Bf6 12.Bxf6 Qxf6 13.Rc1 Rfd8 14.Qd2 h6 15.Qb2 Qxb2
16.Nxb2 Rac8 17.Nc4 Nd4 18.Rfe1 Ba6

[Event "11th European Senior Chess Rapid Championship"]
[Site "Courmayeur, Aosta Valley - Italy"]
[Date "2011.04.04"]
[Round "2"]
[Board "1"]
[White "Butnorius, Algimantas"]
[Black "Miednikova, Swietlana"]
[Result "1-0"]
[WhiteElo "2388"]
[BlackElo "2169"]
[PlyCount "32"]
[EventDate "2011.04.04"]
[EventRounds "9"]
[EventCountry "ITA"]

1.Nf3 f5 2.d4 Nf6 3.g3 e6 4.Bg2 Be7 5.c4 O-O 6.O-O Ne4 7.Nbd2 Bf6 8.Qc2 d5 9.e3
c6 10.b3 Nd7 11.Bb2 Qe8 12.Ne5 Nxe5 13.dxe5 Be7 14.Nf3 Qh5 15.a4 Bd7 16.Ba3 g5

[Event "11th European Senior Chess Rapid Championship"]
[Site "Courmayeur, Aosta Valley - Italy"]
[Date "2011.04.04"]
[Round "2"]
[Board "1"]
[White "Barlocco, Carlo"]
[Black "Gaprindashvili, Nona"]
[Result "0-1"]
[WhiteElo "2162"]
[BlackElo "2362"]
[PlyCount "56"]
[EventDate "2011.04.04"]
[EventRounds "9"]
[EventCountry "ITA"]

1.e4 b6 2.d4 Bb7 3.Bd3 e6 4.Qe2 g6 5.Nf3 Bg7 6.O-O Ne7 7.c4 Nbc6 8.Be3 Nb4 9.Nc3
Nxd3 10.Qxd3 d6 11.d5 e5 12.b4 a5 13.a3 O-O 14.Rfc1 h6 15.c5 bxc5 16.bxc5 f5
17.cxd6 cxd6 18.Nb5 fxe4 19.Qxe4 Bxd5 20.Qg4 h5 21.Qh3 Bxf3 22.gxf3 Rc8 23.Qe6+
Kh7 24.Bg5 Qb6 25.Bxe7 Rxc1+ 26.Rxc1 Rxf3 27.Bh4 Qxb5 28.Qxd6 Qa4

[Event "11th European Senior Chess Rapid Championship"]
[Site "Courmayeur, Aosta Valley - Italy"]
[Date "2011.04.04"]
[Round "2"]
[Board "1"]
[White "Fatalibekova, Elena"]
[Black "Bayer, Wolfgang Dr"]
[Result "1-0"]
[WhiteElo "2282"]
[BlackElo "2073"]
[PlyCount "53"]
[EventDate "2011.04.04"]
[EventRounds "9"]
[EventCountry "ITA"]

1.d4 c5 2.d5 e5 3.e4 d6 4.Nc3 a6 5.a4 g6 6.Nf3 Bg7 7.Be2 Ne7 8.O-O O-O 9.Nd2 f5
10.Nc4 f4 11.Bg4 Bxg4 12.Qxg4 Rf6 13.h4 h5 14.Qh3 Qc8 15.Nb6 Qxh3 16.gxh3 Ra7
17.a5 Rf8 18.Nca4 Rd8 19.Bd2 Nd7 20.b4 Nxb6 21.axb6 Raa8 22.bxc5 dxc5 23.Nxc5
Rdc8 24.Bb4 Kf7 25.Nxb7 Rxc2 26.Rfc1 Rxc1+ 27.Rxc1

[Event "11th European Senior Chess Rapid Championship"]
[Site "Courmayeur, Aosta Valley - Italy"]
[Date "2011.04.04"]
[Round "3"]
[Board "1"]
[White "Lederman, Leon"]
[Black "Butnorius, Algimantas"]
[Result "1/2-1/2"]
[WhiteElo "2266"]
[BlackElo "2388"]
[PlyCount "58"]
[EventDate "2011.04.04"]
[EventRounds "9"]
[EventCountry "ITA"]

1.e4 e5 2.Nf3 Nc6 3.Bb5 a6 4.Ba4 Nf6 5.O-O Be7 6.Re1 b5 7.Bb3 d6 8.c3 O-O 9.d4
Bg4 10.Be3 exd4 11.cxd4 Na5 12.Bc2 c5 13.dxc5 dxc5 14.Nbd2 Nc6 15.a3 Qc7 16.h3
Bh5 17.g4 Bg6 18.Nh4 Rad8 19.Nf5 Bxf5 20.exf5 Nd4 21.Bxd4 Rxd4 22.Qe2 Qf4 23.Nf3
Nxg4 24.Qxe7 Qxf3 25.hxg4 Rd2 26.Qxc5 Qxg4+ 27.Kf1 Qh3+ 28.Kg1 Qg4+ 29.Kf1 Qh3+

[Event "11th European Senior Chess Rapid Championship"]
[Site "Courmayeur, Aosta Valley - Italy"]
[Date "2011.04.04"]
[Round "3"]
[Board "1"]
[White "Sinelnikov, Igor"]
[Black "Cebalo, Miso"]
[Result "0-1"]
[WhiteElo "2190"]
[BlackElo "2486"]
[PlyCount "66"]
[EventDate "2011.04.04"]
[EventRounds "9"]
[EventCountry "ITA"]

1.e4 c5 2.Nc3 Nc6 3.g3 g6 4.Bg2 Bg7 5.Nge2 d6 6.O-O e6 7.d3 Nge7 8.Be3 Nd4 9.Qd2
Qa5 10.f4 Bd7 11.g4 h5 12.gxh5 Rxh5 13.Ng3 Rh7 14.a3 Rc8 15.Qf2 Qb6 16.Rab1 f5
17.Nd1 a5 18.c3 Nb3 19.c4 a4 20.Bf3 Nd4 21.Nc3 Kf7 22.exf5 Nxf3+ 23.Qxf3 gxf5
24.Qd1 Rch8 25.Rf2 Rh3 26.b4 Bxc3 27.bxc5 Qc6 28.Rg2 dxc5 29.Rb5 b6 30.Qb1 Qf3
31.Bf2 Bc6 32.Qf1 Bxb5 33.cxb5 Nd5

[Event "11th European Senior Chess Rapid Championship"]
[Site "Courmayeur, Aosta Valley - Italy"]
[Date "2011.04.04"]
[Round "3"]
[Board "1"]
[White "Strutinskaya, Galina N"]
[Black "Chernikov, Oleg L"]
[Result "1/2-1/2"]
[WhiteElo "2269"]
[BlackElo "2438"]
[PlyCount "45"]
[EventDate "2011.04.04"]
[EventRounds "9"]
[EventCountry "ITA"]

1.d4 Nf6 2.c4 c6 3.Nc3 Qa5 4.Qd3 e5 5.dxe5 Qxe5 6.Nf3 Qe6 7.Nd4 Qe5 8.Nf3 Qe6
9.Bf4 d5 10.cxd5 Nxd5 11.Nxd5 Qxd5 12.Qxd5 cxd5 13.O-O-O Be6 14.Nd4 Nc6 15.e3
Be7 16.Be2 Bf6 17.Rhe1 Ke7 18.Bg3 g5 19.Kb1 Rhf8 20.h3 Be5 21.Bxe5 Nxe5 22.f3
Rac8 23.Rc1

[Event "11th European Senior Chess Rapid Championship"]
[Site "Courmayeur, Aosta Valley - Italy"]
[Date "2011.04.04"]
[Round "3"]
[Board "1"]
[White "Bayer, Wolfgang Dr"]
[Black "Timoscenko, Gennadij"]
[Result "0-1"]
[WhiteElo "2073"]
[BlackElo "2502"]
[PlyCount "174"]
[EventDate "2011.04.04"]
[EventRounds "9"]
[EventCountry "ITA"]

1.c4 e5 2.g3 Nf6 3.Bg2 d5 4.cxd5 Nxd5 5.Nc3 Nb6 6.Nf3 Nc6 7.O-O Be7 8.d3 O-O
9.Be3 Bg4 10.a3 f5 11.Rc1 Bf6 12.Nd2 Kh8 13.Bxc6 bxc6 14.f3 Bh5 15.Na4 Qe8
16.Qc2 Nd5 17.Bc5 Ne7 18.e4 Bg6 19.b3 Qd7 20.Nc4 Rfd8 21.Rcd1 Nc8 22.Na5 Nb6
23.Nb2 Qe6 24.Be3 Be8 25.b4 g6 26.Rc1 Bg7 27.Rf2 Qf7 28.Nxc6 Rd7 29.a4 a6 30.Na5
Re7 31.Nb7 Qa2 32.Nc5 a5 33.b5 c6 34.Nb3 Nxa4 35.bxc6 Nxb2 36.Qxb2 Qxb2 37.Rxb2
Rc7 38.Bb6 Rxc6 39.Rxc6 Bxc6 40.Nxa5 Bd7 41.Bc7 h5 42.Rb8+ Rxb8 43.Bxb8 Bb5
44.Nc4 Kg8 45.Kf2 Bxc4 46.dxc4 fxe4 47.fxe4 Kf7 48.h3 Ke6 49.Ke2 Kd7 50.Kd3 Kc6
51.Ba7 Bf6 52.Be3 Be7 53.Bh6 Bf6 54.Bf8 Kb6 55.Kc3 Kc6 56.Kb4 Kb6 57.g4 hxg4
58.hxg4 Kc6 59.Ka5 Bd8+ 60.Ka6 Bb6 61.Be7 Bc5 62.Bf6 Bd4 63.Be7 Bc5 64.Bf6 Bd4
65.Be7 Bc5 66.Bf6 Bd6 67.g5 Kc5 68.Kb7 Kxc4 69.Kc6 Bb8 70.Kd7 Kd4 71.Ke6 Kxe4
72.Bd8 Kf4 73.Kf6 e4 74.Bb6 e3 75.Kxg6 e2 76.Ba5 Kg4 77.Kf6 Bc7 78.Be1 Bg3
79.Bb4 Bh4 80.Ke5 Bxg5 81.Ke4 Kg3 82.Kd3 Kf2 83.Ba5 Kf1 84.Bb4 Bh4 85.Ba5 Be1
86.Bd8 Bb4 87.Bh4 Bc5

[Event "11th European Senior Chess Rapid Championship"]
[Site "Courmayeur, Aosta Valley - Italy"]
[Date "2011.04.04"]
[Round "3"]
[Board "1"]
[White "Okhotnik, Vladimir"]
[Black "Vrhovnik, Damir"]
[Result "1-0"]
[WhiteElo "2458"]
[BlackElo "2063"]
[PlyCount "91"]
[EventDate "2011.04.04"]
[EventRounds "9"]
[EventCountry "ITA"]

1.e4 c5 2.Nf3 d6 3.Bc4 Nc6 4.d3 e6 5.O-O Nf6 6.c3 Be7 7.Bb3 O-O 8.Re1 Qc7 9.Nbd2
Rb8 10.Qe2 b5 11.Nf1 a5 12.Bf4 a4 13.Bc2 e5 14.Bg5 h6 15.Bxf6 Bxf6 16.a3 g6
17.Ne3 Ne7 18.c4 bxc4 19.Nxc4 Bd7 20.Rab1 Bg7 21.Nfd2 f5 22.Qd1 Ra8 23.b4 axb3
24.Bxb3 Kh7 25.a4 Nc6 26.exf5 Bxf5 27.Nb2 Nb4 28.Ne4 Qe7 29.Ng3 Bc8 30.d4 cxd4
31.Qxd4 Nc6 32.Qe4 Bb7 33.Bd5 Rf4 34.Qxf4 exf4 35.Rxe7 Nxe7 36.Bxb7 Rb8 37.Nc4
fxg3 38.hxg3 d5 39.Na3 Bc3 40.Kf1 Kg7 41.Ke2 Bd4 42.a5 Kf6 43.a6 Nc8 44.Nb5 Bb6
45.Nc3 Ke5 46.Rb5

[Event "11th European Senior Chess Rapid Championship"]
[Site "Courmayeur, Aosta Valley - Italy"]
[Date "2011.04.04"]
[Round "3"]
[Board "1"]
[White "Belokopyt, Boris"]
[Black "Tseitlin, Mark D"]
[Result "1-0"]
[WhiteElo "2066"]
[BlackElo "2420"]
[PlyCount "47"]
[EventDate "2011.04.04"]
[EventRounds "9"]
[EventCountry "ITA"]

1.e4 c5 2.Nf3 d6 3.d4 cxd4 4.Nxd4 Nf6 5.c3 Nc6 6.Be2 g6 7.Be3 Bg7 8.Qd2 O-O
{O-O-O d5 exd5 Nxd5} 9.Nxc6 bxc6 {Nxd5 cxd5} 10.Bh6 Bxh6 11.Qxh6 Qa5 {Kb1 Rb8}
12.Qd2 Qa3 13.b3 Bf5 14.Qc1 Qc5 15.Bd3 {Bxd3 Rxd3} e5 16.f3 {d4  c4} a5 17.h4 h5
18.g4 hxg4 19.fxg4 {e4 Rdh3} a4 20.h5 g5 21.Rf1 {f6 Rf5  Qe7 c5 e3} Qc4 {Kh8 Rh2
axb3 axb3 Qe4+ Kb2 Qxg4 Rd5} 22.Qf4 {Rc2} Rfd8 {c6  Rxd5 Qxd5} 23.Qxe5 {c7 Rc8
Qd8+} Kg7 {Qxc8 d3+ Rc3 e2 Qd7+ Kh6 c8=Q f5} 24.Qxf5

[Event "11th European Senior Chess Rapid Championship"]
[Site "Courmayeur, Aosta Valley - Italy"]
[Date "2011.04.04"]
[Round "4"]
[Board "1"]
[White "Fatalibekova, Elena"]
[Black "Bondick, Karl-Heinz"]
[Result "1-0"]
[WhiteElo "2282"]
[BlackElo "2155"]
[PlyCount "44"]
[EventDate "2011.04.04"]
[EventRounds "9"]
[EventCountry "ITA"]

1.d4 d5 2.Nf3 e6 3.e3 f5 4.Nbd2 Nf6 5.Ne5 Be7 6.Bd3 O-O 7.O-O c5 8.dxc5 Bxc5
9.Ndf3 Nc6 10.Nxc6 bxc6 11.b3 Qe7 12.Bb2 Bd6 13.c4 Bd7 14.Ne5 Be8 15.Rc1 Bxe5
16.Bxe5 Nd7 17.Bb2 f4 18.exf4 Rxf4 19.Qe2 Nc5 20.Ba3 d4 21.Qd2 e5 22.Rfe1 a5

[Event "11th European Senior Chess Rapid Championship"]
[Site "Courmayeur, Aosta Valley - Italy"]
[Date "2011.04.04"]
[Round "4"]
[Board "1"]
[White "Strutinskaya, Galina N"]
[Black "Belokopyt, Boris"]
[Result "1-0"]
[WhiteElo "2269"]
[BlackElo "2066"]
[PlyCount "65"]
[EventDate "2011.04.04"]
[EventRounds "9"]
[EventCountry "ITA"]

1.d4 Nf6 2.c4 c5 3.Nf3 cxd4 4.Nxd4 Nc6 5.g3 Nxd4 6.Qxd4 g6 7.Nc3 Bg7 8.Bg2 O-O
9.O-O d6 10.Rd1 Qa5 11.Bd2 Qf5 12.Rac1 Ng4 13.Qf4 Qxf4 14.Bxf4 Ne5 15.Nd5 Nc6
16.b4 Re8 17.Nc7 Bg4 18.Nxa8 Rxa8 19.b5 Nd8 20.Kf1 Rc8 21.c5 dxc5 22.Rxc5 Ra8
23.Rc7 Ne6 24.Bxb7 Rb8 25.Rc8+ Rxc8 26.Bxc8 Nxf4 27.Rd8+ Bf8 28.Bxg4 Ne6 29.Bxe6
fxe6 30.a4 Kf7 31.a5 Bg7 32.b6 axb6 33.axb6

[Event "11th European Senior Chess Rapid Championship"]
[Site "Courmayeur, Aosta Valley - Italy"]
[Date "2011.04.05"]
[Round "5"]
[Board "1"]
[White "Timoscenko, Gennadij"]
[Black "Butnorius, Algimantas"]
[Result "0-1"]
[WhiteElo "2502"]
[BlackElo "2388"]
[PlyCount "86"]
[EventDate "2011.04.04"]
[EventRounds "9"]
[EventCountry "ITA"]

1.d4 Nf6 2.c4 e6 3.Nc3 Bb4 4.Qc2 O-O 5.a3 Bxc3+ 6.Qxc3 b6 7.Bg5 Bb7 8.e3 d6
9.Ne2 Nbd7 10.Qc2 c5 11.Rd1 Rc8 12.Nc3 cxd4 13.Rxd4 Rc5 14.Bh4 Qa8 15.f3 d5
16.cxd5 Nxd5 17.e4 Nxc3 18.bxc3 Qc8 19.c4 f6 20.Be2 Ne5 21.O-O Rd8 22.Rxd8+ Qxd8
23.Bf2 Rc8 24.Qa4 Qd2 25.Qxa7 Bxe4 26.Qxb6 Bf5 27.Qe3 Nxc4 28.Qxd2 Nxd2 29.Rd1
Nb3 30.a4 h5 31.Bb6 Rc2 32.Bb5 Kh7 33.a5 Nxa5 34.Bxa5 Rc5 35.g4 hxg4 36.fxg4
Rxb5 37.gxf5 Rxa5 38.fxe6 Re5 39.Rd6 Kg6 40.Kf2 f5 41.h4 Kf6 42.e7+ Kxe7 43.Rg6
Kf7

[Event "11th European Senior Chess Rapid Championship"]
[Site "Courmayeur, Aosta Valley - Italy"]
[Date "2011.04.05"]
[Round "5"]
[Board "1"]
[White "Chernikov, Oleg L"]
[Black "Cebalo, Miso"]
[Result "0-1"]
[WhiteElo "2438"]
[BlackElo "2486"]
[PlyCount "60"]
[EventDate "2011.04.04"]
[EventRounds "9"]
[EventCountry "ITA"]

1.d4 g6 2.g3 Bg7 3.Bg2 c5 4.e3 Nf6 5.Ne2 cxd4 6.exd4 d5 7.O-O Nc6 8.Nd2 Bf5 9.c3
Qd7 10.Re1 Rc8 11.Nb3 b6 12.a4 a5 13.Nf4 O-O 14.Nd3 Ne4 15.Bf4 g5 16.Be3 h6
17.f3 Nd6 18.f4 Nc4 19.Bc1 f6 20.Bf3 Rcd8 21.Qe2 e5 22.dxe5 fxe5 23.g4 Bxd3
24.Qxd3 gxf4 25.Rd1 e4 26.Bxe4 Qxg4+ 27.Kh1 dxe4 28.Qxc4+ Kh8 29.Rf1 f3 30.Rg1
Rd1

[Event "11th European Senior Chess Rapid Championship"]
[Site "Courmayeur, Aosta Valley - Italy"]
[Date "2011.04.05"]
[Round "5"]
[Board "1"]
[White "Bondick, Karl-Heinz"]
[Black "Tseitlin, Mark D"]
[Result "0-1"]
[WhiteElo "2155"]
[BlackElo "2420"]
[PlyCount "126"]
[EventDate "2011.04.04"]
[EventRounds "9"]
[EventCountry "ITA"]

1.d4 Nf6 2.c4 g6 3.Nc3 d5 4.f3 Bg7 5.e4 dxe4 6.fxe4 e5 7.d5 O-O 8.Nf3 Nbd7 9.Bd3
Nc5 10.Bc2 a5 11.Be3 b6 12.Qe2 Ne8 13.O-O-O Nd6 14.h3 Ba6 15.b3 f5 16.Bg5 Qe8
17.Rhe1 f4 18.Bh4 a4 19.Kb2 Qb8 20.Bf2 Qa7 21.Ra1 a3+ 22.Kc1 Rfe8 23.Rb1 Rab8
24.Nd2 Nd7 25.b4 Qa8 26.Ba4 b5 27.cxb5 Bc8 28.Rb3 Nb6 29.Rxa3 Qb7 30.Bb3 Bd7
31.Ra5 Ra8 32.Rxa8 Rxa8 33.a4 Rxa4 34.Nxa4 Bxb5 35.Qd1 Qa6 36.Nxb6 cxb6 37.Kb2
Qb7 38.Qc2 Bf8 39.Rc1 Qe7 40.Bxb6 h5 41.Qc7 Qg5 42.Rg1 Be2 43.Bc5 f3 44.Nxf3
Bxf3 45.Bxd6 Qd2+ 46.Ka3 Bxd6 47.Qc8+ Bf8 48.gxf3 Qxb4+ 49.Kb2 Qd4+ 50.Qc3 Qf2+
51.Bc2 Qxg1 52.Qb3 Kg7 53.Qc4 Kh6 54.Qc6 Qd4+ 55.Kb3 Bc5 56.Qb5 Qe3+ 57.Qd3 Qc1
58.Kc4 Bd6 59.Kb5 Qf4 60.Kc6 Qf6 61.Qe3+ g5 62.h4 Be7+ 63.Kb5 Qd6

[Event "11th European Senior Chess Rapid Championship"]
[Site "Courmayeur, Aosta Valley - Italy"]
[Date "2011.04.05"]
[Round "5"]
[Board "1"]
[White "Bayer, Wolfgang Dr"]
[Black "Khmiadashvili, Tamar"]
[Result "0-1"]
[WhiteElo "2073"]
[BlackElo "2194"]
[PlyCount "68"]
[EventDate "2011.04.04"]
[EventRounds "9"]
[EventCountry "ITA"]

1.c4 e5 2.Nc3 d6 3.g3 f5 4.Bg2 Nf6 5.e3 Be7 6.Nge2 c6 7.d4 e4 8.d5 O-O 9.b3 Nbd7
10.h4 Ne5 11.Nf4 c5 12.Qe2 a6 13.a4 b6 14.Bb2 Rb8 15.Nb1 Nfg4 16.Na3 Bf6 17.Bh3
Nf3+ 18.Kf1 Bxb2 19.Qxb2 Nge5 20.Bg2 Qe7 21.Rd1 Rf6 22.Ke2 Bd7 23.Qc3 Qe8 24.Ra1
b5 25.Nc2 bxc4 26.bxc4 Nxc4 27.Ne6 Bxe6 28.dxe6 Qxe6 29.Bxf3 exf3+ 30.Kxf3 Qe4+
31.Ke2 Ne5 32.Rhb1 Rbf8 33.Ne1 Qg4+ 34.Kd2 Nf3+

[Event "11th European Senior Chess Rapid Championship"]
[Site "Courmayeur, Aosta Valley - Italy"]
[Date "2011.04.05"]
[Round "6"]
[Board "1"]
[White "Mishuchkov, Nikolai M"]
[Black "Okhotnik, Vladimir"]
[Result "0-1"]
[WhiteElo "2408"]
[BlackElo "2458"]
[PlyCount "54"]
[EventDate "2011.04.04"]
[EventRounds "9"]
[EventCountry "ITA"]

1.Nf3 Nf6 2.g3 d5 3.Bg2 c6 4.O-O Bf5 5.d3 e6 6.c4 Nbd7 7.Be3 Bc5 8.Bxc5 Nxc5
9.cxd5 exd5 10.Nd4 Bd7 11.e4 O-O 12.Nc3 Re8 13.exd5 cxd5 14.Rc1 Bg4 15.Qd2 Rc8
16.h3 Bd7 17.Rfe1 Ne6 18.Nxe6 Bxe6 19.Na4 b6 20.Qb4 Qd7 21.Kh2 d4 22.b3 h5 23.g4
h4 24.Nb2 Rxc1 25.Rxc1 Bxg4 26.Re1 Qc7+ 27.Kg1 Qc3